000
00341nam a2200145Ia 4500
008
231217s9999 xx 000 0 und d
041
_a
English
082
_a
001.6424UNI BRO
100
_a
Brown P J
245
0
_a
Starting with Unix
260
_c
1984
_b
New York : Addison-Wesley,
300
_a
xiv+221
650
_a
Unix
942
_c
AA
999
_c
162462
_d
162462